• 首页
  • 本馆介绍
  • 公告通知
  • 最新文献
  • 馆藏检索
  • 电子资源
  • 读者导购
  • 参考咨询
  • 我的图书馆
  • 登录
  • 详细信息显示
  • 放入我的书架
  • 预约/预借图书
  • 作者相关作品
  • 分类相关作品
  • 丛书相关作品
  • 出版社相关作品

书目信息

  • 表格格式
  • 工作单格式
  • 卡片格式
题名:
首届北京名师名校长论坛论文集
    
 
作者: 鱼霞 主编
分册: 四  
出版信息: 北京   知识产权出版社有限责任公司  2019.03
页数: 183页
开本: 26cm
丛书名: 中小学名师校长发展丛书
单 册:
中图分类: G632.0-53
科图分类:
主题词: 中小学教育--文集
电子资源:
ISBN: 978-7-5130-6110-0
000 01055nam0 2200241 450
001 012001001236
005 20141202130634.0
010    @a978-7-5130-6110-0@dCNY48.00
100    @a20220905d2019 em y0chiy50 ea
101 0  @achi
102    @aCN@b110000
105    @ay z 000yy
106    @ar
200 1  @a首届北京名师名校长论坛论文集@Ashou jie bei jing ming shi ming xiao zhang lun tan lun wen ji@h四@f鱼霞主编
210    @a北京@c知识产权出版社有限责任公司@d2019.03
215    @a183页@d26cm
225 1  @a中小学名师校长发展丛书@i论坛系
330    @a本书围绕“中高考改革与中小学变革与教师成长”的主题,国内不同省市名师、名校长园长和专家学者对高考改革与减负,中高考改革下的教学、课程建设、办学体制和集团化办学等与教师成长问题进行了阐述。国内外专家学者、名师名校长从不同的角度围绕“什么是学生核心素养”、“如何培养学生的核心素养”、“教师校长如何应对核心素养”等问题发表了自己的观点。
606 0  @a中小学教育@j文集
690    @aG632.0-53@v5
701  0 @a鱼霞@Ayu xia@4主编
801  0 @aCN@bAHXH@c20221111
905    @b1370721-5@dG632.0-53@e1453@f5
    
    首届北京名师名校长论坛论文集.四/鱼霞主编.-北京:知识产权出版社有限责任公司,2019.03
    183页;26cm.-(中小学名师校长发展丛书.论坛系)
    
    
    ISBN 978-7-5130-6110-0:CNY48.00
    本书围绕“中高考改革与中小学变革与教师成长”的主题,国内不同省市名师、名校长园长和专家学者对高考改革与减负,中高考改革下的教学、课程建设、办学体制和集团化办学等与教师成长问题进行了阐述。国内外专家学者、名师名校长从不同的角度围绕“什么是学生核心素养”、“如何培养学生的核心素养”、“教师校长如何应对核心素养”等问题发表了自己的观点。
●
相关链接 在E读中查询图书 在五车中查询图书 在当当中查询图书 在豆瓣中查询图书


正题名:首届北京名师名校长论坛论文集     索取号:G632.0-53/1453         预约/预借

序号 登录号 条形码 馆藏地/架位号 状态 备注
1 1370721   213707210   第一样本阅览室/ [索取号:G632.0-53/1453] 在馆    
2 1370722   213707229   教育系资料室/ [索取号:G632.0-53/1453] 在馆    
3 1370723   213707238   教育系资料室/ [索取号:G632.0-53/1453] 在馆    
4 1370724   213707247   第四借阅区/ [索取号:G632.0-53/1453] 在馆    
5 1370725   213707256   第四借阅区/ [索取号:G632.0-53/1453] 在馆    
唐山师范学院图书馆 欢迎您!
大连网信软件有限公司© 版权所有